He who laughs lasts and lasts and lasts. (Record no. 2306)

000 -LEADER
fixed length control field 00923nam a2200229 a 4500
001 - CONTROL NUMBER
control field :::00000030$&:&@@
003 - CONTROL NUMBER IDENTIFIER
control field OkBaRHE
005 - DATE AND TIME OF LATEST TRANSACTION
control field 20110402131524.0
008 - FIXED-LENGTH DATA ELEMENTS--GENERAL INFORMATION
fixed length control field s1976 j 000 0 eng u
040 ## - CATALOGING SOURCE
Transcribing agency
100 1# - MAIN ENTRY--PERSONAL NAME
Personal name Hicks, Roy H.
245 10 - TITLE STATEMENT
Title He who laughs lasts and lasts and lasts.
260 ## - PUBLICATION, DISTRIBUTION, ETC. (IMPRINT)
Place of publication, distribution, etc Tulsa, OK., :
Name of publisher, distributor, etc Harrison House
Date of publication, distribution, etc 1976
300 ## - PHYSICAL DESCRIPTION
Extent 63 p. ;
Dimensions 22 cm.
650 ## - SUBJECT ADDED ENTRY--TOPICAL TERM
Topical term or geographic name as entry element Christian life.
650 ## - SUBJECT ADDED ENTRY--TOPICAL TERM
Topical term or geographic name as entry element Laughter.
942 ## - ADDED ENTRY ELEMENTS (KOHA)
Source of classification or shelving scheme
Koha item type Books
Copies
Barcode Source of classification or shelving scheme Not for loan Total Renewals Date last seen Shelving location Damaged status Koha item type Total Checkouts Date checked out Date acquired Price effective from Withdrawn status Copy number Permanent Location Full call number Current Location Lost status
16768   2010-04-14General Stacks Books  2010-04-142010-04-14 2RHEMA Bible Training CollegeBF 575 .L3 H5  
16769   2010-04-14General Stacks Books  2010-04-142010-04-14 3RHEMA Bible Training CollegeBF 575 .L3 H5  
20751   2010-04-14General Stacks Books  2010-04-142010-04-14 4RHEMA Bible Training CollegeBF 575 .L3 H5  
30  12018-01-09General Stacks Books12010-04-152010-04-142010-04-14 1RHEMA Bible Training CollegeBF 575 .L3 H5RHEMA Bible Training College